[Event "Deutsche Ländermeisterschaft 2023"]
[Site "Hannover GER"]
[Date "2023.10.01"]
[Round "2"]
[White "Haubold, Sebastian"]
[Black "Weihrauch, Jakob"]
[Result "0-1"]
[Termination "normal"]
[Board "5.1"]
[BlackTitle "FM"]
[WhiteElo "2158"]
[BlackElo "2308"]
[WhiteClock "00:02:12"]
[BlackClock "00:05:53"]
[WhiteTeam "Sachsen-Anhalt"]
[BlackTeam "Hamburg"]
[PlyCount "68"]
[WhiteFideId "16259637"]
[BlackFideId "16210115"]
[EventCountry "GER"]
[EventRounds "7"]
[EventType "team-swiss"]
[EventDate "2023.09.30"]

1. e4 {[%clk 01:30:58]} c5 {[%clk 01:30:55]} {[%emt 00:00:06]} 2. Ne2 {[%clk
01:30:25]} {[%emt 00:01:03]} d6 {[%clk 01:27:38]} {[%emt 00:03:47]} 3. g3
{[%clk 01:30:44]} {[%emt 00:00:11]} Nf6 {[%clk 01:24:21]} {[%emt 00:03:47]} 4.
Bg2 {[%clk 01:31:05]} {[%emt 00:00:08]} h5 {[%clk 01:21:03]} {[%emt 00:03:49]}
5. h3 {[%clk 01:26:16]} {[%emt 00:05:19]} Nc6 {[%clk 01:15:08]} {[%emt
00:06:25]} 6. Nbc3 {[%clk 01:19:23]} {[%emt 00:07:23]} e5 {[%clk 01:06:13]}
{[%emt 00:09:26]} 7. d3 {[%clk 01:16:00]} {[%emt 00:03:53]} Be7 {[%clk
01:04:05]} {[%emt 00:02:38]} 8. O-O {[%clk 01:11:00]} {[%emt 00:05:30]} Bd7
{[%clk 00:56:23]} {[%emt 00:08:12]} 9. f4 {[%clk 01:08:10]} {[%emt 00:03:20]}
Nd4 {[%clk 00:49:33]} {[%emt 00:07:19]} 10. Nxd4 {[%clk 00:57:52]} {[%emt
00:10:49]} cxd4 {[%clk 00:49:20]} {[%emt 00:00:43]} 11. Nd5 {[%clk 00:57:36]}
{[%emt 00:00:46]} Nxd5 {[%clk 00:46:08]} {[%emt 00:03:42]} 12. exd5 {[%clk
00:58:04]} {[%emt 00:00:02]} Qc7 {[%clk 00:37:38]} {[%emt 00:08:59]} 13. f5
{[%clk 00:48:40]} {[%emt 00:09:54]} O-O-O {[%clk 00:36:29]} {[%emt 00:01:39]}
14. Bd2 {[%clk 00:44:02]} {[%emt 00:05:07]} Kb8 {[%clk 00:35:50]} {[%emt
00:01:10]} 15. c4 {[%clk 00:39:23]} {[%emt 00:05:09]} dxc3 {[%clk 00:33:22]}
{[%emt 00:02:58]} 16. bxc3 {[%clk 00:39:25]} {[%emt 00:00:28]} f6 {[%clk
00:31:00]} {[%emt 00:02:53]} 17. Kh2 {[%clk 00:29:20]} {[%emt 00:10:35]} g6
{[%clk 00:27:33]} {[%emt 00:03:57]} 18. Be4 {[%clk 00:21:27]} {[%emt 00:08:23]}
Rdg8 {[%clk 00:25:37]} {[%emt 00:02:26]} 19. fxg6 {[%clk 00:21:23]} {[%emt
00:00:34]} Qc8 {[%clk 00:25:31]} {[%emt 00:00:36]} 20. Be3 {[%clk 00:11:05]}
{[%emt 00:10:48]} f5 {[%clk 00:22:28]} {[%emt 00:03:33]} 21. Bg2 {[%clk
00:09:01]} {[%emt 00:02:34]} Rxg6 {[%clk 00:21:46]} {[%emt 00:01:12]} 22. Rf2
{[%clk 00:08:04]} {[%emt 00:01:27]} h4 {[%clk 00:19:23]} {[%emt 00:02:53]} 23.
Rb2 {[%clk 00:07:49]} {[%emt 00:00:45]} hxg3+ {[%clk 00:15:28]} {[%emt
00:04:25]} 24. Kg1 {[%clk 00:08:05]} {[%emt 00:00:14]} f4 {[%clk 00:14:14]}
{[%emt 00:01:44]} 25. Rab1 {[%clk 00:08:10]} {[%emt 00:00:25]} fxe3 {[%clk
00:10:43]} {[%emt 00:04:01]} 26. Rxb7+ {[%clk 00:08:32]} {[%emt 00:00:07]} Qxb7
{[%clk 00:09:07]} {[%emt 00:02:07]} 27. Rxb7+ {[%clk 00:08:56]} {[%emt
00:00:07]} Kxb7 {[%clk 00:09:35]} {[%emt 00:00:02]} 28. d4 {[%clk 00:06:04]}
{[%emt 00:03:22]} exd4 {[%clk 00:08:50]} {[%emt 00:01:15]} 29. Qb1+ {[%clk
00:05:55]} {[%emt 00:00:40]} Ka8 {[%clk 00:08:10]} {[%emt 00:01:10]} 30. Qxg6
{[%clk 00:06:03]} {[%emt 00:00:21]} e2 {[%clk 00:07:41]} {[%emt 00:01:00]} 31.
Qe4 {[%clk 00:05:23]} {[%emt 00:01:10]} d3 {[%clk 00:07:09]} {[%emt 00:01:02]}
32. Bf3 {[%clk 00:04:31]} {[%emt 00:01:21]} Bd8 {[%clk 00:05:06]} {[%emt
00:02:33]} 33. Bxe2 {[%clk 00:01:48]} {[%emt 00:03:13]} dxe2 {[%clk 00:05:29]}
{[%emt 00:00:08]} 34. Qxe2 {[%clk 00:02:12]} {[%emt 00:00:06]} Bxh3 {[%clk
00:05:53]} {[%emt 00:00:05]} 0-1

[Event "Deutsche Ländermeisterschaft 2023"]
[Site "Hannover GER"]
[Date "2023.10.01"]
[Round "2"]
[White "Avdic, Faris"]
[Black "Pikalow, Michael"]
[Result "1/2-1/2"]
[Termination "normal"]
[Board "5.2"]
[WhiteElo "2106"]
[BlackElo "2035"]
[WhiteClock "00:48:56"]
[BlackClock "00:19:05"]
[WhiteTeam "Hamburg"]
[BlackTeam "Sachsen-Anhalt"]
[PlyCount "62"]
[WhiteFideId "14422328"]
[BlackFideId "16227638"]
[EventCountry "GER"]
[EventRounds "7"]
[EventType "team-swiss"]
[EventDate "2023.09.30"]

1. d4 {[%clk 01:30:56]} {[%emt 00:00:02]} c5 {[%clk 01:28:03]} {[%emt
00:02:57]} 2. d5 {[%clk 01:31:01]} {[%emt 00:00:25]} Nf6 {[%clk 01:28:15]}
{[%emt 00:00:19]} 3. Nc3 {[%clk 01:31:16]} {[%emt 00:00:15]} d6 {[%clk
01:27:31]} {[%emt 00:01:14]} 4. e4 {[%clk 01:31:30]} {[%emt 00:00:15]} g6
{[%clk 01:25:36]} {[%emt 00:02:25]} 5. Nf3 {[%clk 01:31:18]} {[%emt 00:00:42]}
Bg7 {[%clk 01:25:56]} {[%emt 00:00:10]} 6. Nd2 {[%clk 01:31:38]} {[%emt
00:00:11]} O-O {[%clk 01:25:07]} {[%emt 00:01:19]} 7. Be2 {[%clk 01:31:31]}
{[%emt 00:00:36]} e5 {[%clk 01:11:10]} {[%emt 00:14:27]} 8. Nc4 {[%clk
01:27:33]} {[%emt 00:04:27]} b5 {[%clk 01:06:28]} {[%emt 00:05:14]} 9. Nxb5
{[%clk 01:27:14]} {[%emt 00:00:49]} Nxe4 {[%clk 01:06:43]} {[%emt 00:00:15]}
10. O-O {[%clk 01:27:00]} {[%emt 00:00:43]} a6 {[%clk 01:06:26]} {[%emt
00:00:47]} 11. Nba3 {[%clk 01:26:13]} {[%emt 00:01:16]} f5 {[%clk 01:04:56]}
{[%emt 00:02:01]} 12. c3 {[%clk 01:23:38]} {[%emt 00:03:05]} Ra7 {[%clk
01:00:01]} {[%emt 00:05:25]} 13. f3 {[%clk 01:18:09]} {[%emt 00:05:58]} Nf6
{[%clk 00:58:17]} {[%emt 00:02:14]} 14. f4 {[%clk 01:18:07]} {[%emt 00:00:32]}
e4 {[%clk 00:56:19]} {[%emt 00:02:29]} 15. Nc2 {[%clk 01:14:24]} {[%emt
00:04:13]} a5 {[%clk 00:50:36]} {[%emt 00:06:13]} 16. a4 {[%clk 01:06:52]}
{[%emt 00:08:02]} Bb7 {[%clk 00:50:10]} {[%emt 00:00:55]} 17. N2e3 {[%clk
01:04:19]} {[%emt 00:03:03]} Na6 {[%clk 00:47:16]} {[%emt 00:03:25]} 18. Qb3
{[%clk 01:00:48]} {[%emt 00:04:02]} Kh8 {[%clk 00:44:03]} {[%emt 00:03:43]} 19.
Rd1 {[%clk 01:00:24]} {[%emt 00:00:53]} Ba8 {[%clk 00:40:42]} {[%emt 00:03:51]}
20. Qb6 {[%clk 00:52:55]} {[%emt 00:07:59]} Qxb6 {[%clk 00:39:25]} {[%emt
00:01:47]} 21. Nxb6 {[%clk 00:53:18]} {[%emt 00:00:07]} Nc7 {[%clk 00:38:56]}
{[%emt 00:00:58]} 22. Nxa8 {[%clk 00:52:34]} {[%emt 00:01:14]} Rfxa8 {[%clk
00:38:46]} {[%emt 00:00:40]} 23. Bb5 {[%clk 00:51:53]} {[%emt 00:01:12]} Nxb5
{[%clk 00:34:59]} {[%emt 00:04:18]} 24. axb5 {[%clk 00:51:58]} {[%emt
00:00:25]} Rb8 {[%clk 00:34:53]} {[%emt 00:00:36]} 25. Nc4 {[%clk 00:51:30]}
{[%emt 00:00:57]} Bf8 {[%clk 00:29:31]} {[%emt 00:05:52]} 26. Rxa5 {[%clk
00:51:01]} {[%emt 00:01:00]} Rxa5 {[%clk 00:29:53]} {[%emt 00:00:07]} 27. Nxa5
{[%clk 00:51:27]} {[%emt 00:00:05]} Rxb5 {[%clk 00:30:05]} {[%emt 00:00:17]}
28. Nc4 {[%clk 00:51:09]} {[%emt 00:00:48]} Kg7 {[%clk 00:26:26]} {[%emt
00:04:08]} 29. h3 {[%clk 00:49:11]} {[%emt 00:02:29]} h5 {[%clk 00:23:51]}
{[%emt 00:03:05]} 30. Be3 {[%clk 00:49:13]} {[%emt 00:00:28]} Rb8 {[%clk
00:22:05]} {[%emt 00:02:15]} 31. Bf2 {[%clk 00:48:56]} {[%emt 00:00:48]} Kf7
{[%clk 00:19:05]} {[%emt 00:03:30]} 1/2-1/2

[Event "Deutsche Ländermeisterschaft 2023"]
[Site "Hannover GER"]
[Date "2023.10.01"]
[Round "2"]
[White "Herter, Arne"]
[Black "Fuhrmann, Bahne"]
[Result "0-1"]
[Termination "normal"]
[Board "5.3"]
[WhiteElo "2039"]
[BlackElo "2097"]
[WhiteClock "00:13:13"]
[BlackClock "00:39:19"]
[WhiteTeam "Sachsen-Anhalt"]
[BlackTeam "Hamburg"]
[PlyCount "80"]
[WhiteFideId "16255372"]
[BlackFideId "16244842"]
[EventCountry "GER"]
[EventRounds "7"]
[EventType "team-swiss"]
[EventDate "2023.09.30"]

1. e4 {[%clk 01:30:59]} e5 {[%clk 01:30:57]} {[%emt 00:00:03]} 2. Nf3 {[%clk
01:31:25]} {[%emt 00:00:05]} Nc6 {[%clk 01:31:23]} {[%emt 00:00:04]} 3. Bb5
{[%clk 01:31:51]} {[%emt 00:00:04]} a6 {[%clk 01:31:50]} {[%emt 00:00:03]} 4.
Ba4 {[%clk 01:32:15]} {[%emt 00:00:05]} Nf6 {[%clk 01:32:17]} {[%emt 00:00:04]}
5. O-O {[%clk 01:32:39]} {[%emt 00:00:07]} Nxe4 {[%clk 01:32:44]} {[%emt
00:00:03]} 6. d4 {[%clk 01:33:03]} {[%emt 00:00:05]} Be7 {[%clk 01:33:11]}
{[%emt 00:00:03]} 7. Re1 {[%clk 01:33:28]} {[%emt 00:00:04]} b5 {[%clk
01:33:37]} {[%emt 00:00:04]} 8. Rxe4 {[%clk 01:33:44]} {[%emt 00:00:15]} d5
{[%clk 01:34:05]} {[%emt 00:00:02]} 9. Nxe5 {[%clk 01:34:02]} {[%emt 00:00:12]}
Nxe5 {[%clk 01:34:30]} {[%emt 00:00:04]} 10. Rxe5 {[%clk 01:34:15]} {[%emt
00:00:17]} bxa4 {[%clk 01:34:57]} {[%emt 00:00:04]} 11. Qe2 {[%clk 01:33:52]}
{[%emt 00:00:53]} Be6 {[%clk 01:35:22]} {[%emt 00:00:05]} 12. f4 {[%clk
01:33:49]} {[%emt 00:00:33]} Kf8 {[%clk 01:35:48]} {[%emt 00:00:05]} 13. f5
{[%clk 01:33:59]} {[%emt 00:00:19]} Bd7 {[%clk 01:36:12]} {[%emt 00:00:05]} 14.
Nc3 {[%clk 01:33:56]} {[%emt 00:00:31]} f6 {[%clk 01:36:27]} {[%emt 00:00:16]}
15. Re3 {[%clk 01:34:22]} {[%emt 00:00:04]} Bxf5 {[%clk 01:36:53]} {[%emt
00:00:04]} 16. Bd2 {[%clk 01:34:41]} {[%emt 00:00:10]} Bb4 {[%clk 01:36:34]}
{[%emt 00:00:50]} 17. Re1 {[%clk 01:29:34]} {[%emt 00:05:37]} c6 {[%clk
01:25:42]} {[%emt 00:11:21]} 18. Nxa4 {[%clk 01:22:54]} {[%emt 00:07:11]} Bd6
{[%clk 01:26:06]} {[%emt 00:00:06]} 19. c4 {[%clk 01:15:07]} {[%emt 00:08:17]}
h5 {[%clk 01:05:08]} {[%emt 00:21:28]} 20. cxd5 {[%clk 01:11:13]} {[%emt
00:04:24]} cxd5 {[%clk 01:05:14]} {[%emt 00:00:24]} 21. Nc5 {[%clk 01:06:44]}
{[%emt 00:04:59]} Bxc5 {[%clk 01:03:13]} {[%emt 00:02:31]} 22. dxc5 {[%clk
01:06:18]} {[%emt 00:00:56]} Be4 {[%clk 01:00:59]} {[%emt 00:02:45]} 23. Rxe4
{[%clk 00:57:53]} {[%emt 00:08:55]} dxe4 {[%clk 01:01:25]} {[%emt 00:00:04]}
24. Qxe4 {[%clk 00:58:16]} {[%emt 00:00:07]} Kf7 {[%clk 00:52:59]} {[%emt
00:08:56]} 25. Qe6+ {[%clk 00:49:25]} {[%emt 00:09:20]} Kg6 {[%clk 00:53:24]}
{[%emt 00:00:05]} 26. Qe4+ {[%clk 00:49:49]} {[%emt 00:00:05]} Kf7 {[%clk
00:53:51]} {[%emt 00:00:04]} 27. Qc4+ {[%clk 00:47:10]} {[%emt 00:03:09]} Kg6
{[%clk 00:53:23]} {[%emt 00:00:58]} 28. Qc2+ {[%clk 00:46:05]} {[%emt
00:01:35]} Kf7 {[%clk 00:53:47]} {[%emt 00:00:07]} 29. c6 {[%clk 00:44:30]}
{[%emt 00:02:05]} Qd5 {[%clk 00:47:53]} {[%emt 00:06:25]} 30. b4 {[%clk
00:39:16]} {[%emt 00:05:44]} Rhe8 {[%clk 00:45:12]} {[%emt 00:03:12]} 31. Rxe8
{[%clk 00:36:56]} {[%emt 00:02:49]} Rxe8 {[%clk 00:45:23]} {[%emt 00:00:18]}
32. Qd1 {[%clk 00:26:02]} {[%emt 00:11:24]} Rc8 {[%clk 00:43:59]} {[%emt
00:01:55]} 33. Qe2 {[%clk 00:20:13]} {[%emt 00:06:18]} Rxc6 {[%clk 00:43:58]}
{[%emt 00:00:32]} 34. Be3 {[%clk 00:20:10]} {[%emt 00:00:33]} Rc4 {[%clk
00:40:36]} {[%emt 00:03:52]} 35. a3 {[%clk 00:17:29]} {[%emt 00:03:10]} g6
{[%clk 00:40:23]} {[%emt 00:00:44]} 36. h3 {[%clk 00:15:38]} {[%emt 00:02:22]}
Rc3 {[%clk 00:39:51]} {[%emt 00:01:01]} 37. Bc5 {[%clk 00:13:48]} {[%emt
00:02:20]} Qe6 {[%clk 00:39:05]} {[%emt 00:01:16]} 38. Qb2 {[%clk 00:12:32]}
{[%emt 00:01:45]} Qe1+ {[%clk 00:38:41]} {[%emt 00:00:55]} 39. Kh2 {[%clk
00:12:59]} {[%emt 00:00:03]} Qe5+ {[%clk 00:39:02]} {[%emt 00:00:09]} 40. Kg1
{[%clk 00:13:13]} {[%emt 00:00:16]} Rxc5 {[%clk 00:39:19]} {[%emt 00:00:14]}
0-1

[Event "Deutsche Ländermeisterschaft 2023"]
[Site "Hannover GER"]
[Date "2023.10.01"]
[Round "2"]
[White "Hubert, Charlotte"]
[Black "Udelnov, Valentin"]
[Result "0-1"]
[Termination "normal"]
[Board "5.4"]
[WhiteElo "1850"]
[BlackElo "2054"]
[WhiteClock "00:00:50"]
[BlackClock "00:04:11"]
[WhiteTeam "Hamburg"]
[BlackTeam "Sachsen-Anhalt"]
[PlyCount "100"]
[WhiteFideId "16265920"]
[BlackFideId "16265734"]
[EventCountry "GER"]
[EventRounds "7"]
[EventType "team-swiss"]
[EventDate "2023.09.30"]

1. e4 {[%clk 01:30:56]} {[%emt 00:00:03]} e5 {[%clk 01:30:56]} {[%emt
00:00:05]} 2. Nf3 {[%clk 01:31:21]} {[%emt 00:00:05]} Nc6 {[%clk 01:31:22]}
{[%emt 00:00:04]} 3. Bb5 {[%clk 01:31:45]} {[%emt 00:00:06]} g6 {[%clk
01:31:47]} {[%emt 00:00:05]} 4. d4 {[%clk 01:31:37]} {[%emt 00:00:38]} exd4
{[%clk 01:32:08]} {[%emt 00:00:10]} 5. c3 {[%clk 01:32:03]} {[%emt 00:00:05]}
a6 {[%clk 01:31:01]} {[%emt 00:01:37]} 6. Bxc6 {[%clk 01:29:16]} {[%emt
00:03:16]} dxc6 {[%clk 01:31:25]} {[%emt 00:00:07]} 7. cxd4 {[%clk 01:28:57]}
{[%emt 00:00:49]} Bg7 {[%clk 01:31:49]} {[%emt 00:00:06]} 8. h3 {[%clk
01:26:06]} {[%emt 00:03:21]} Be6 {[%clk 01:20:39]} {[%emt 00:11:41]} 9. Nc3
{[%clk 01:23:18]} {[%emt 00:03:18]} Qe7 {[%clk 01:18:33]} {[%emt 00:02:36]} 10.
Be3 {[%clk 01:16:19]} {[%emt 00:07:28]} h6 {[%clk 01:14:06]} {[%emt 00:04:58]}
11. O-O {[%clk 01:11:46]} {[%emt 00:05:01]} Nf6 {[%clk 01:13:11]} {[%emt
00:01:26]} 12. Qc2 {[%clk 01:07:31]} {[%emt 00:04:45]} g5 {[%clk 01:07:24]}
{[%emt 00:06:17]} 13. d5 {[%clk 00:56:23]} {[%emt 00:11:38]} Bd7 {[%clk
01:00:11]} {[%emt 00:07:44]} 14. dxc6 {[%clk 00:41:18]} {[%emt 00:15:34]} Bxc6
{[%clk 01:00:33]} {[%emt 00:00:08]} 15. Nd5 {[%clk 00:40:39]} {[%emt 00:01:08]}
Bxd5 {[%clk 01:00:49]} {[%emt 00:00:14]} 16. exd5 {[%clk 00:39:56]} {[%emt
00:01:13]} O-O-O {[%clk 01:00:29]} {[%emt 00:00:51]} 17. Rfe1 {[%clk 00:27:41]}
{[%emt 00:12:44]} Qd7 {[%clk 00:53:33]} {[%emt 00:07:27]} 18. Qc5 {[%clk
00:19:41]} {[%emt 00:08:29]} b6 {[%clk 00:40:38]} {[%emt 00:13:25]} 19. Qc3
{[%clk 00:14:13]} {[%emt 00:05:57]} g4 {[%clk 00:33:01]} {[%emt 00:08:07]} 20.
hxg4 {[%clk 00:08:19]} {[%emt 00:06:24]} Rhg8 {[%clk 00:29:24]} {[%emt
00:04:08]} 21. Qa3 {[%clk 00:07:41]} {[%emt 00:01:07]} Kb7 {[%clk 00:26:28]}
{[%emt 00:03:27]} 22. Rac1 {[%clk 00:05:10]} {[%emt 00:03:01]} Nxd5 {[%clk
00:25:13]} {[%emt 00:01:45]} 23. Rc4 {[%clk 00:02:43]} {[%emt 00:02:56]} f5
{[%clk 00:12:43]} {[%emt 00:13:01]} 24. Ra4 {[%clk 00:01:56]} {[%emt 00:01:17]}
Bxb2 {[%clk 00:10:28]} {[%emt 00:02:45]} 25. Qb3 {[%clk 00:02:05]} {[%emt
00:00:21]} fxg4 {[%clk 00:06:52]} {[%emt 00:04:07]} 26. Nh2 {[%clk 00:01:32]}
{[%emt 00:01:03]} g3 {[%clk 00:06:42]} {[%emt 00:00:40]} 27. Nf3 {[%clk
00:01:16]} {[%emt 00:00:45]} gxf2+ {[%clk 00:05:38]} {[%emt 00:01:35]} 28. Bxf2
{[%clk 00:01:03]} {[%emt 00:00:43]} Bf6 {[%clk 00:02:48]} {[%emt 00:03:20]} 29.
Qc4 {[%clk 00:00:58]} {[%emt 00:00:35]} Qb5 {[%clk 00:01:32]} {[%emt 00:01:46]}
30. Qc2 {[%clk 00:00:58]} {[%emt 00:00:30]} Nb4 {[%clk 00:01:10]} {[%emt
00:00:53]} 31. Qe4+ {[%clk 00:01:06]} {[%emt 00:00:21]} Nc6 {[%clk 00:01:22]}
{[%emt 00:00:19]} 32. Rc4 {[%clk 00:00:56]} {[%emt 00:00:40]} Rge8 {[%clk
00:01:09]} {[%emt 00:00:44]} 33. Qc2 {[%clk 00:00:56]} {[%emt 00:00:29]} Rxe1+
{[%clk 00:01:01]} {[%emt 00:00:38]} 34. Nxe1 {[%clk 00:01:09]} {[%emt
00:00:17]} Qd5 {[%clk 00:00:46]} {[%emt 00:00:46]} 35. Rf4 {[%clk 00:00:53]}
{[%emt 00:00:45]} Bd4 {[%clk 00:00:33]} {[%emt 00:00:43]} 36. Rf5 {[%clk
00:00:41]} {[%emt 00:00:42]} Bxf2+ {[%clk 00:00:46]} {[%emt 00:00:18]} 37. Rxf2
{[%clk 00:00:39]} {[%emt 00:00:31]} Qd1 {[%clk 00:00:53]} {[%emt 00:00:23]} 38.
Qe4 {[%clk 00:01:05]} {[%emt 00:00:04]} Rd4 {[%clk 00:01:02]} {[%emt 00:00:21]}
39. Qe8 {[%clk 00:01:18]} {[%emt 00:00:22]} Rd8 {[%clk 00:01:12]} {[%emt
00:00:15]} 40. Qe4 {[%clk 00:01:42]} {[%emt 00:00:05]} Qd4 {[%clk 00:00:43]}
{[%emt 00:00:59]} 41. Qe2 {[%clk 00:29:16]} {[%emt 00:02:55]} Ne5 {[%clk
00:27:40]} {[%emt 00:03:35]} 42. Kh1 {[%clk 00:15:38]} {[%emt 00:14:07]} Ng4
{[%clk 00:23:54]} {[%emt 00:04:17]} 43. Qf3+ {[%clk 00:15:16]} {[%emt
00:00:51]} Rd5 {[%clk 00:21:32]} {[%emt 00:02:53]} 44. Re2 {[%clk 00:12:00]}
{[%emt 00:03:46]} Ka7 {[%clk 00:18:47]} {[%emt 00:03:15]} 45. g3 {[%clk
00:09:15]} {[%emt 00:03:14]} Rc5 {[%clk 00:07:21]} {[%emt 00:11:56]} 46. Kg2
{[%clk 00:08:32]} {[%emt 00:01:13]} Rc3 {[%clk 00:07:44]} {[%emt 00:00:08]} 47.
Qf7 {[%clk 00:05:24]} {[%emt 00:03:37]} Qd6 {[%clk 00:04:58]} {[%emt 00:03:17]}
48. Nf3 {[%clk 00:04:13]} {[%emt 00:01:40]} Ne3+ {[%clk 00:04:48]} {[%emt
00:00:40]} 49. Kh3 {[%emt 00:01:25]} Qd3 {[%clk 00:04:14]} {[%emt 00:00:55]}
50. Re1 {[%clk 00:00:50]} {[%emt 00:03:07]} Nf5 {[%clk 00:04:11]} {[%emt
00:00:34]} 0-1

[Event "Deutsche Ländermeisterschaft 2023"]
[Site "Hannover GER"]
[Date "2023.10.01"]
[Round "2"]
[White "Pohle, Saskia"]
[Black "Lu, Yunong Elias"]
[Result "0-1"]
[Termination "normal"]
[Board "5.5"]
[WhiteElo "1849"]
[BlackElo "1828"]
[WhiteClock "00:05:32"]
[BlackClock "01:00:00"]
[WhiteTeam "Sachsen-Anhalt"]
[BlackTeam "Hamburg"]
[PlyCount "82"]
[WhiteFideId "16201604"]
[BlackFideId "16276426"]
[EventCountry "GER"]
[EventRounds "7"]
[EventType "team-swiss"]
[EventDate "2023.09.30"]

1. e4 {[%clk 01:30:58]} {[%emt 00:00:02]} c6 {[%clk 01:30:55]} {[%emt
00:00:05]} 2. Nf3 {[%clk 01:31:23]} {[%emt 00:00:05]} d5 {[%clk 01:31:20]}
{[%emt 00:00:05]} 3. Nc3 {[%clk 01:31:48]} {[%emt 00:00:05]} dxe4 {[%clk
01:31:46]} {[%emt 00:00:04]} 4. Nxe4 {[%clk 01:32:12]} {[%emt 00:00:06]} Nf6
{[%clk 01:32:13]} {[%emt 00:00:03]} 5. Qe2 {[%clk 01:32:35]} {[%emt 00:00:08]}
Nxe4 {[%clk 01:32:39]} {[%emt 00:00:04]} 6. Qxe4 {[%clk 01:32:59]} {[%emt
00:00:05]} Nd7 {[%clk 01:33:05]} {[%emt 00:00:04]} 7. Bc4 {[%clk 01:33:22]}
{[%emt 00:00:07]} Nf6 {[%clk 01:33:29]} {[%emt 00:00:07]} 8. Ne5 {[%clk
01:33:46]} {[%emt 00:00:05]} e6 {[%clk 01:33:56]} {[%emt 00:00:03]} 9. Qe2
{[%clk 01:34:10]} {[%emt 00:00:06]} b5 {[%clk 01:34:21]} {[%emt 00:00:05]} 10.
Bd3 {[%clk 01:34:31]} {[%emt 00:00:09]} Bb7 {[%clk 01:34:45]} {[%emt 00:00:05]}
11. a4 {[%clk 01:24:57]} {[%emt 00:10:03]} a6 {[%clk 01:35:10]} {[%emt
00:00:06]} 12. b3 {[%clk 01:17:17]} {[%emt 00:08:10]} Bd6 {[%clk 01:35:35]}
{[%emt 00:00:05]} 13. Bb2 {[%clk 01:15:10]} {[%emt 00:02:37]} Qc7 {[%clk
01:36:00]} {[%emt 00:00:04]} 14. c4 {[%clk 01:10:34]} {[%emt 00:05:07]} b4
{[%clk 01:35:29]} {[%emt 00:01:01]} 15. Bc2 {[%clk 01:09:58]} {[%emt 00:01:05]}
c5 {[%clk 01:35:21]} {[%emt 00:00:38]} 16. f3 {[%clk 01:07:44]} {[%emt
00:02:44]} Rd8 {[%clk 01:30:01]} {[%emt 00:05:50]} 17. Qe3 {[%clk 00:59:56]}
{[%emt 00:08:18]} Nd7 {[%clk 01:27:05]} {[%emt 00:03:27]} 18. Nxd7 {[%clk
00:56:55]} {[%emt 00:03:30]} Rxd7 {[%clk 01:27:26]} {[%emt 00:00:09]} 19. O-O-O
{[%clk 00:56:04]} {[%emt 00:01:21]} O-O {[%clk 01:25:55]} {[%emt 00:02:01]} 20.
g3 {[%clk 00:54:44]} {[%emt 00:01:51]} Rfd8 {[%clk 01:23:31]} {[%emt 00:02:53]}
21. Rhg1 {[%clk 00:51:15]} {[%emt 00:04:00]} Bc6 {[%clk 01:21:20]} {[%emt
00:02:40]} 22. h4 {[%clk 00:49:30]} {[%emt 00:02:15]} Qb7 {[%clk 01:20:40]}
{[%emt 00:01:10]} 23. h5 {[%clk 00:44:15]} {[%emt 00:05:45]} h6 {[%clk
01:13:27]} {[%emt 00:07:43]} 24. g4 {[%clk 00:41:44]} {[%emt 00:03:01]} Qc7
{[%clk 01:02:25]} {[%emt 00:11:31]} 25. Qd3 {[%clk 00:31:56]} {[%emt 00:10:20]}
Be5 {[%clk 01:01:55]} {[%emt 00:01:00]} 26. Qh7+ {[%clk 00:31:57]} {[%emt
00:00:28]} Kf8 {[%clk 01:02:13]} {[%emt 00:00:12]} 27. f4 {[%clk 00:20:01]}
{[%emt 00:12:26]} Bxb2+ {[%clk 01:01:56]} {[%emt 00:00:47]} 28. Kxb2 {[%clk
00:20:25]} {[%emt 00:00:06]} Qxf4 {[%clk 01:01:57]} {[%emt 00:00:28]} 29. Qh8+
{[%clk 00:17:58]} {[%emt 00:02:58]} Ke7 {[%clk 01:01:54]} {[%emt 00:00:33]} 30.
Qxg7 {[%clk 00:18:23]} {[%emt 00:00:05]} Rxd2 {[%clk 01:00:35]} {[%emt
00:01:49]} 31. Rdf1 {[%clk 00:11:07]} {[%emt 00:07:46]} Qd4+ {[%clk 01:00:44]}
{[%emt 00:00:22]} 32. Qxd4 {[%clk 00:11:31]} {[%emt 00:00:06]} R8xd4 {[%clk
01:00:42]} {[%emt 00:00:31]} 33. g5 {[%clk 00:10:00]} {[%emt 00:02:02]} Be4
{[%clk 01:00:26]} {[%emt 00:00:45]} 34. Rc1 {[%clk 00:10:10]} {[%emt 00:00:20]}
hxg5 {[%clk 01:00:12]} {[%emt 00:00:45]} 35. Rxg5 {[%clk 00:10:09]} {[%emt
00:00:31]} Rh2 {[%clk 01:00:14]} {[%emt 00:00:27]} 36. Kb1 {[%clk 00:09:42]}
{[%emt 00:00:56]} Rxc2 {[%clk 01:00:22]} {[%emt 00:00:22]} 37. Rxc2 {[%clk
00:06:29]} {[%emt 00:03:44]} Rd2 {[%clk 01:00:42]} {[%emt 00:00:10]} 38. Rxc5
{[%clk 00:05:24]} {[%emt 00:01:36]} Rxc2 {[%clk 01:00:14]} {[%emt 00:00:58]}
39. Ka1 {[%clk 00:05:15]} {[%emt 00:00:39]} Rh2 {[%clk 00:59:54]} {[%emt
00:00:49]} 40. Ra5 {[%clk 00:05:26]} {[%emt 00:00:18]} f5 {[%clk 00:59:48]}
{[%emt 00:00:36]} 41. Rxa6 {[%clk 00:05:32]} {[%emt 00:00:24]} f4 {[%clk
01:00:00]} {[%emt 00:00:18]} 0-1